000 00496nam a22001697a 4500
005 20240816070054.0
008 240816b |||||||| |||| 00| 0 eng d
020 _a040687963 X
041 _aEnglish
082 _a349 ENG
100 _lEnglish
245 _aThe All England Law Reports: Annual Review 1986
260 _aLondon:
_bButterworth Publishers (Ltd,
_c1986
300 _bxxxiv, 324 pages;
_c25 cm.
650 _aLegal practice
_bLaw
942 _cBK
_6ALISON_BN_VRIES
999 _c2583
_d2583